[Event "GER-ch U18 sf Berlin Online"]
[Site "Playchess.com INT"]
[Date "2020.05.01"]
[Round "13"]
[White "Michel, Lennart"]
[Black "Juergenpott, Maximilian"]
[Result "1-0"]
[WhiteElo "1671"]
[BlackElo "1556"]
[PlyCount "63"]
[EventDate "2020.05.01"]
[EventType "swiss (blitz)"]
[EventRounds "13"]
[EventCountry "GER"]
[SourceTitle "CBM 195 Extra"]
[Source "ChessBase"]
[SourceDate "2020.05.31"]
[SourceVersion "1"]
[SourceVersionDate "2020.05.31"]
[SourceQuality "1"]

1. e4 d6 2. Nf3 Nf6 3. Nc3 Nbd7 4. d4 e5 5. dxe5 dxe5 6. Bg5 Be7 7. Bc4 h6 8. Bh4 c6 9. 0-0 Qc7 10. Bg3 g5 11. h3 Bd6 12. Qd2 Nf8 13. Rad1 Ke7 14. a3 Ng6 15. Rfe1 Nf4 16. Ne2 Rg8 17. Nxf4 gxf4 18. Bh2 Bxh3 19. g3 h5 20. Qd3 Ng4 21. Nh4 Nxh2 22. Kxh2 Bg4 23. Nf5+ Bxf5 24. exf5 fxg3+ 25. fxg3 Rxg3 26. f6+ Kd7 27. Qf5+ Kd8 28. Kxg3 e4+ 29. Kh3 Ke8 30. Rxe4+ Kf8 31. Qxh5 Bh2 32. Qh8# 1-0

[Event "GER-ch U18 sf Berlin Online"]
[Site "Playchess.com INT"]
[Date "2020.05.01"]
[Round "4"]
[White "Michel, Lennart"]
[Black "Keuper, David"]
[Result "0-1"]
[WhiteElo "1671"]
[BlackElo "1620"]
[PlyCount "52"]
[EventDate "2020.05.01"]
[EventType "swiss (blitz)"]
[EventRounds "13"]
[EventCountry "GER"]
[SourceTitle "CBM 195 Extra"]
[Source "ChessBase"]
[SourceDate "2020.05.31"]
[SourceVersion "1"]
[SourceVersionDate "2020.05.31"]
[SourceQuality "1"]

1. e4 c5 2. Nf3 e6 3. Nc3 Nc6 4. d4 cxd4 5. Nxd4 a6 6. Nxc6 bxc6 7. Be2 Qc7 8. 0-0 Bb7 9. Be3 Nf6 10. Qd2 Be7 11. Rad1 h5 12. a3 Ng4 13. Bxg4 hxg4 14. Bf4 e5 15. Bg3 Bh4 16. Qe2 Bxg3 17. fxg3 Qb6+ 18. Kh1 Qxb2 19. Qd3 Bc8 20. Rb1 Qxa3 21. Qc4 Qe7 22. Rf2 Qe6 23. Qd3 Qh6 24. h3 gxh3 25. gxh3 Qxh3+ 26. Kg1 Qh1# 0-1

[Event "GER-ch U18 sf Berlin Online"]
[Site "Playchess.com INT"]
[Date "2020.05.01"]
[Round "3"]
[White "Michel, Lennart"]
[Black "Khachatryan, Taron"]
[Result "0-1"]
[WhiteElo "1671"]
[BlackElo "1546"]
[PlyCount "56"]
[EventDate "2020.05.01"]
[EventType "swiss (blitz)"]
[EventRounds "13"]
[EventCountry "GER"]
[SourceTitle "CBM 195 Extra"]
[Source "ChessBase"]
[SourceDate "2020.05.31"]
[SourceVersion "1"]
[SourceVersionDate "2020.05.31"]
[SourceQuality "1"]

1. e4 c5 2. Nf3 d6 3. Nc3 Nc6 4. Bb5 Bd7 5. d4 cxd4 6. Nxd4 Nf6 7. Nxc6 bxc6 8. Ba4 Qa5 9. 0-0 e6 10. Bb3 Be7 11. Bg5 0-0 12. Bxf6 gxf6 13. Qg4+ Qg5 14. Qe2 Kh8 15. f4 Qc5+ 16. Qf2 Qxf2+ 17. Rxf2 d5 18. Re2 Bc5+ 19. Kf1 Bc8 20. Rd2 Ba6+ 21. Ke1 Be3 22. Rdd1 Bxf4 23. exd5 exd5 24. Ne2 Rfe8 25. c4 Bxh2 26. Rd2 dxc4 27. Bc2 Bf4 28. Rd4 c3 0-1

[Event "GER-ch U18 sf Berlin Online"]
[Site "Playchess.com INT"]
[Date "2020.05.01"]
[Round "8"]
[White "Ruddat, Jarne"]
[Black "Michel, Lennart"]
[Result "1-0"]
[WhiteElo "1617"]
[BlackElo "1671"]
[PlyCount "67"]
[EventDate "2020.05.01"]
[EventType "swiss (blitz)"]
[EventRounds "13"]
[EventCountry "GER"]
[SourceTitle "CBM 195 Extra"]
[Source "ChessBase"]
[SourceDate "2020.05.31"]
[SourceVersion "1"]
[SourceVersionDate "2020.05.31"]
[SourceQuality "1"]

1. e4 d5 2. exd5 Nf6 3. Nc3 Nxd5 4. Bc4 Nxc3 5. bxc3 e5 6. Qf3 Be6 7. Bxe6 fxe6 8. Qxb7 Nd7 9. Qc6 Bd6 10. Nf3 0-0 11. 0-0 Nb6 12. Qe4 Qd7 13. Nxe5 Bxe5 14. Qxe5 Qd6 15. Qe3 Rad8 16. d3 Qc6 17. Ba3 Rf7 18. c4 Qa4 19. Bb2 Qxc2 20. Bd4 Re7 21. Rfc1 Qa4 22. Qg5 Qe8 23. Bf6 h6 24. Qg3 Rxd3 25. Qxd3 gxf6 26. Re1 Rg7 27. Qh3 Qc6 28. Rxe6 Qxc4 29. Re8+ Kh7 30. Qf5+ Rg6 31. Re7+ Kh8 32. Qxg6 Qg8 33. Qxh6+ Qh7 34. Qxh7# 1-0

[Event "GER-ch U18 sf Berlin Online"]
[Site "Playchess.com INT"]
[Date "2020.05.01"]
[Round "7"]
[White "Stummvoll, Lucas"]
[Black "Michel, Lennart"]
[Result "0-1"]
[WhiteElo "1620"]
[BlackElo "1671"]
[PlyCount "96"]
[EventDate "2020.05.01"]
[EventType "swiss (blitz)"]
[EventRounds "13"]
[EventCountry "GER"]
[SourceTitle "CBM 195 Extra"]
[Source "ChessBase"]
[SourceDate "2020.05.31"]
[SourceVersion "1"]
[SourceVersionDate "2020.05.31"]
[SourceQuality "1"]

1. e4 d5 2. e5 Nc6 3. Nf3 Bg4 4. d4 e6 5. h3 Bf5 6. Bg5 Be7 7. Bxe7 Ngxe7 8. Bc4 dxc4 9. 0-0 0-0 10. Qd2 Qd7 11. Nc3 a6 12. Rfe1 Nd5 13. Nxd5 exd5 14. Nh4 Bg6 15. Qe3 Rfe8 16. Qg3 Nxd4 17. Rac1 Nf5 18. Nxf5 Bxf5 19. Qc3 Rad8 20. Qg3 Bg6 21. e6 Rxe6 22. Rxe6 Qxe6 23. Qc3 d4 24. Qg3 d3 25. cxd3 Rxd3 26. Qxc7 h6 27. Qxc4 Qxc4 28. Rxc4 Rd2 29. Kh2 Rxb2 30. Rc6 Rxa2 31. Rc8+ Kh7 32. Rc1 Rxf2 33. Rb1 b5 34. Ra1 Be4 35. Rg1 a5 36. Kg3 Rb2 37. Ra1 a4 38. Kf4 Bg6 39. Rc1 a3 40. Ra1 a2 41. Re1 Rb1 42. Rxb1 axb1Q 43. Ke5 Qf1 44. Kd5 Qe2 45. Kd4 Kg8 46. Kc3 Qd3+ 47. Kb2 Qc4 48. Ka1 Qe2 0-1

[Event "GER-ch U18 sf Berlin Online"]
[Site "Playchess.com INT"]
[Date "2020.05.01"]
[Round "11"]
[White "Turba, Raffael"]
[Black "Michel, Lennart"]
[Result "0-1"]
[WhiteElo "1592"]
[BlackElo "1671"]
[PlyCount "86"]
[EventDate "2020.05.01"]
[EventType "swiss (blitz)"]
[EventRounds "13"]
[EventCountry "GER"]
[SourceTitle "CBM 195 Extra"]
[Source "ChessBase"]
[SourceDate "2020.05.31"]
[SourceVersion "1"]
[SourceVersionDate "2020.05.31"]
[SourceQuality "1"]

1. e4 e5 2. Nf3 Nc6 3. Bc4 Bc5 4. Nc3 Nf6 5. d4 exd4 6. Nd5 Nxd5 7. exd5 Na5 8. Bb3 Nxb3 9. axb3 0-0 10. Nxd4 Re8+ 11. Be3 Bxd4 12. Qxd4 d6 13. 0-0 Bf5 14. Qc3 Qd7 15. Bf4 h6 16. Qg3 Bg6 17. h4 Qf5 18. Rac1 Re4 19. Bd2 Qh5 20. Qc3 Rxh4 21. f3 Rh1+ 22. Kf2 Qh4+ 23. Ke2 Re8+ 24. Be3 Rxf1 25. Rxf1 Qg3 26. Rf2 Qe5 27. Qd2 Bxc2 28. Qc3 Qxc3 29. bxc3 Bxb3 30. Kd2 Bxd5 31. g4 a6 32. Ke2 Bc4+ 33. Kd2 c6 34. Rg2 g5 35. f4 f6 36. fxg5 hxg5 37. Rf2 Kg7 38. Rf5 d5 39. Bxg5 fxg5 40. Rxg5+ Kf6 41. Rf5+ Kg6 42. Kc2 Re2+ 43. Kd1 Rg2 0-1